[Event "Avoine op 30th"]
[Site "Avoine"]
[Date "2015.07.23"]
[Round "6"]
[White "Deslias, Gregoire"]
[Black "Payen, Arnaud"]
[Result "0-1"]
[WhiteElo "2093"]
[BlackElo "2329"]
[PlyCount "78"]
[EventDate "2015.07.18"]
[EventType "swiss"]
[EventRounds "9"]
[EventCountry "FRA"]
[SourceTitle "EXT 2016"]
[Source "ChessBase"]
[SourceDate "2015.10.08"]
[SourceVersion "1"]
[SourceVersionDate "2015.10.08"]
[SourceQuality "1"]

1. d4 d5 2. c4 e6 3. Nc3 Nf6 4. cxd5 exd5 5. Bg5 Nbd7 6. e3 Be7 7. Bd3 0-0 8. Nf3 Re8 9. Qc2 c6 10. 0-0 g6 11. Rae1 Nh5 12. Bxe7 Rxe7 13. b4 a6 14. a4 Ndf6 15. b5 cxb5 16. axb5 a5 17. Qb3 Be6 18. Rc1 Ne4 19. Na4 Nhf6 20. Rc2 Rc8 21. b6 Rxc2 22. Qxc2 Bd7 23. Rb1 Bxa4 24. Qxa4 Nc3 25. Qxa5 Nxb1 26. Bxb1 Re6 27. g3 Qxb6 28. Qa8+ Re8 29. Qa2 Rc8 30. Kg2 Rc3 31. Ne5 Kg7 32. Bd3 h5 33. h3 Qe6 34. Qd2 Rc7 35. Qa5 b6 36. Qa8 Rc3 37. Bb5 Qf5 38. Qb7 Ne4 39. Nf3 Rc2 0-1

[Event "Avoine op 28th"]
[Site "Avoine"]
[Date "2013.07.21"]
[Round "2"]
[White "Deslias, Gregoire"]
[Black "Petre, Nad Titus"]
[Result "0-1"]
[WhiteElo "2132"]
[BlackElo "2371"]
[PlyCount "98"]
[EventDate "2013.07.20"]
[EventType "swiss"]
[EventRounds "9"]
[EventCountry "FRA"]
[SourceTitle "CBM 155 Extra"]
[Source "ChessBase"]
[SourceDate "2013.08.26"]
[SourceVersion "1"]
[SourceVersionDate "2013.08.26"]
[SourceQuality "1"]

1. d4 d6 2. c4 e5 3. Nc3 exd4 4. Qxd4 Nc6 5. Qd1 Nf6 6. Nf3 g6 7. g3 Bg7 8. Bg2 0-0 9. 0-0 Re8 10. Bg5 h6 11. Bf4 Bf5 12. h4 Ne4 13. Nd5 Kh7 14. Qc1 a5 15. Re1 a4 16. Ne3 Bd7 17. Nc2 Be6 18. Na3 Qf6 19. Rb1 Bf5 20. Nc2 Nc5 21. Be3 Be4 22. Nfd4 Bxg2 23. Kxg2 Ne5 24. Nb5 Rac8 25. Bd4 Qf5 26. Ne3 Qe6 27. Nd5 Na6 28. b3 c6 29. Nf4 Qe7 30. Nc3 axb3 31. axb3 Nc5 32. Qd2 Ra8 33. Red1 Ra3 34. Bxc5 dxc5 35. Qe3 Nxc4 36. Qxe7 Rxe7 37. Na4 g5 38. hxg5 hxg5 39. Nh3 g4 40. Nf4 Bd4 41. Rh1+ Kg7 42. e3 Nxe3+ 43. fxe3 Ra2+ 44. Kf1 Rxe3 45. Nb6 Kf8 46. Nc4 Rxg3 47. Ne2 Rf3+ 48. Ke1 Bf2+ 49. Kd1 Rd3+ 0-1

[Event "Avoine op 28th"]
[Site "Avoine"]
[Date "2013.07.20"]
[Round "1"]
[White "Bonnet, Philippe"]
[Black "Deslias, Gregoire"]
[Result "0-1"]
[WhiteElo "1957"]
[BlackElo "2132"]
[PlyCount "42"]
[EventDate "2013.07.20"]
[EventType "swiss"]
[EventRounds "9"]
[EventCountry "FRA"]
[SourceTitle "CBM 155 Extra"]
[Source "ChessBase"]
[SourceDate "2013.08.26"]
[SourceVersion "1"]
[SourceVersionDate "2013.08.26"]
[SourceQuality "1"]

1. e4 c5 2. f4 Nc6 3. Nf3 g6 4. c3 Bg7 5. Bc4 a6 6. a4 Rb8 7. 0-0 b5 8. axb5 axb5 9. Bd5 Bb7 10. d4 cxd4 11. f5 Nf6 12. Bxf7+ Kxf7 13. fxg6+ Ke8 14. e5 hxg6 15. exf6 Bxf6 16. cxd4 Qc7 17. g3 Qb6 18. Be3 Ne5 19. Nbd2 Ng4 20. Qe2 Qd6 21. Nb3 Rxh2 0-1

[Event "FRA-ch U18"]
[Site "Saint Paul Trois Chateaux"]
[Date "2013.05.05"]
[Round "8"]
[White "Deslias, Gregoire"]
[Black "Loiseau, Quentin"]
[Result "0-1"]
[WhiteElo "2124"]
[BlackElo "2406"]
[PlyCount "96"]
[EventDate "2013.04.28"]
[EventType "swiss"]
[EventRounds "9"]
[EventCountry "FRA"]
[SourceTitle "CBM 154 Extra"]
[Source "ChessBase"]
[SourceDate "2013.06.25"]
[SourceVersion "2"]
[SourceVersionDate "2013.06.25"]
[SourceQuality "1"]

1. d4 Nf6 2. c4 c5 3. d5 e5 4. Nc3 d6 5. e4 Be7 6. Nge2 Nbd7 7. g3 h5 8. Bg5 Nf8 9. Bg2 a6 10. a4 Nxe4 11. Bxe7 Nxc3 12. Bxd8 Nxd1 13. Bc7 Nxb2 14. Bxd6 Kd7 15. Bxf8 Rxf8 16. 0-0 Nxc4 17. Rfc1 Nd6 18. Rxc5 Ke7 19. Re1 Kf6 20. f4 exf4 21. Nxf4 g6 22. Rb1 Bf5 23. Rb6 Ke7 24. Rc3 Rac8 25. Re3+ Kd7 26. Nd3 Bxd3 27. Rxd3 Rfe8 28. Rf3 f5 29. h3 Rc4 30. Rf4 Rc2 31. Rf1 Re3 32. g4 hxg4 33. hxg4 Rg3 34. Rf2 Rxf2 35. Kxf2 Rxg4 36. Rb3 Rxa4 37. Rh3 Ra2+ 38. Kg1 g5 39. Rh7+ Kd8 40. Rh8+ Kc7 41. Rh7+ Kb6 42. Rd7 Kc5 43. Rc7+ Kd4 44. Rd7 Ke5 45. Re7+ Kf4 46. Rd7 Nc4 47. Rxb7 Ne3 48. Rb4+ Kg3 0-1

[Event "FRA-ch U18"]
[Site "Saint Paul Trois Chateaux"]
[Date "2013.05.02"]
[Round "5"]
[White "Jaouen, Valentin"]
[Black "Deslias, Gregoire"]
[Result "0-1"]
[WhiteElo "1979"]
[BlackElo "2124"]
[PlyCount "62"]
[EventDate "2013.04.28"]
[EventType "swiss"]
[EventRounds "9"]
[EventCountry "FRA"]
[SourceTitle "CBM 154 Extra"]
[Source "ChessBase"]
[SourceDate "2013.06.25"]
[SourceVersion "2"]
[SourceVersionDate "2013.06.25"]
[SourceQuality "1"]

1. e4 e5 2. Nf3 Nc6 3. Bb5 a6 4. Ba4 Nf6 5. 0-0 Be7 6. Re1 b5 7. Bb3 d6 8. c3 0-0 9. h3 Na5 10. Bc2 c5 11. d4 Qc7 12. d5 Ne8 13. Nbd2 g6 14. Nf1 Ng7 15. Ng3 Nc4 16. b3 Nb6 17. Bh6 Bd8 18. Qe2 f5 19. exf5 gxf5 20. c4 b4 21. Rad1 Bf6 22. Ng5 Bxg5 23. Bxg5 Qf7 24. Bh6 Ra7 25. Bxg7 Qxg7 26. Nh5 Qh6 27. Bd3 f4 28. g4 Qg5 29. Kh2 Bd7 30. Qe4 Be8 31. Qf3 Kh8 0-1

[Event "FRA-ch U18"]
[Site "Saint Paul Trois Chateaux"]
[Date "2013.04.30"]
[Round "3"]
[White "Deslias, Gregoire"]
[Black "Bleteau, Pierre"]
[Result "1-0"]
[WhiteElo "2124"]
[BlackElo "1841"]
[PlyCount "194"]
[EventDate "2013.04.28"]
[EventType "swiss"]
[EventRounds "9"]
[EventCountry "FRA"]
[SourceTitle "CBM 154 Extra"]
[Source "ChessBase"]
[SourceDate "2013.06.25"]
[SourceVersion "2"]
[SourceVersionDate "2013.06.25"]
[SourceQuality "1"]

1. d4 Nf6 2. c4 g6 3. Nc3 Bg7 4. e4 d6 5. f3 0-0 6. Nge2 c5 7. d5 e6 8. Bg5 exd5 9. cxd5 h6 10. Be3 Nbd7 11. Ng3 h5 12. Bg5 a6 13. a4 Qc7 14. Qd2 Re8 15. Be2 Nh7 16. Bh4 Bd4 17. Bd1 Ne5 18. Be2 Rb8 19. f4 Ng4 20. Bxg4 Bxg4 21. h3 Bd7 22. Nge2 Bg7 23. 0-0 b5 24. Ng3 b4 25. Nce2 c4 26. e5 dxe5 27. f5 e4 28. f6 Qb6+ 29. Kh1 e3 30. Qc2 Bxf6 31. Bxf6 Nxf6 32. Qxc4 Rf8 33. Nf4 Rbc8 34. Qd3 Kg7 35. Rfe1 Rfe8 36. Rf1 h4 37. Nge2 Bf5 38. Qd1 Bc2 39. Qe1 g5 40. a5 Qd6 41. Rc1 gxf4 42. Rxc2 Rxc2 43. Nd4 Qxd5 44. Nxc2 e2 45. Rg1 b3 46. Na1 Qg5 47. Nxb3 Qg3 48. Nd4 Qxe1 49. Rxe1 Ne4 50. Kg1 Ng3 51. Kf2 Re5 52. Nxe2 Rxa5 53. Nxf4 Rb5 54. Nd3 Rb3 55. Ke3 Nf5+ 56. Kd2 Rb6 57. Rf1 Nd6 58. Rf4 f5 59. Rxh4 Ne4+ 60. Ke3 Rb3 61. Ke2 a5 62. Rf4 a4 63. g4 Ng5 64. h4 Ne4 65. gxf5 Ng3+ 66. Kd2 Kf6 67. Rxa4 Nxf5 68. Kc2 Rb8 69. Ra6+ Kg7 70. h5 Rc8+ 71. Kd2 Rh8 72. Rg6+ Kf7 73. Ne5+ Ke7 74. Nc6+ Kd7 75. Ne5+ Ke7 76. h6 Nxh6 77. Ra6 Rd8+ 78. Ke3 Nf5+ 79. Kf4 Rd2 80. Kxf5 Rxb2 81. Ra7+ Kd8 82. Ke6 Kc8 83. Nc4 Rb1 84. Kd6 Kb8 85. Rh7 Rb7 86. Rh8+ Ka7 87. Kc6 Rg7 88. Nd6 Rg6 89. Rf8 Rh6 90. Rf4 Kb8 91. Rf7 Rg6 92. Rd7 Rh6 93. Kb6 Rh8 94. Nf7 Rg8 95. Ne5 Rh8 96. Rc7 Ka8 97. Nc6 Rh7 1-0

[Event "Avoine op 27th"]
[Site "Avoine"]
[Date "2012.07.28"]
[Round "8"]
[White "O'Sullivan, Thomas"]
[Black "Deslias, Gregoire"]
[Result "0-1"]
[WhiteElo "1843"]
[BlackElo "2075"]
[PlyCount "56"]
[EventDate "2012.07.21"]
[EventType "swiss"]
[EventRounds "9"]
[EventCountry "FRA"]
[SourceTitle "CBM 149 Extra"]
[Source "ChessBase"]
[SourceDate "2012.08.24"]
[SourceVersion "1"]
[SourceVersionDate "2012.08.24"]
[SourceQuality "1"]

1. d4 d5 2. c4 dxc4 3. e3 Nf6 4. Bxc4 e6 5. Nf3 a6 6. 0-0 Nbd7 7. Nc3 b5 8. Bb3 c5 9. a3 Bb7 10. Qe2 Be7 11. Rd1 0-0 12. Bc2 Qc7 13. e4 cxd4 14. Nxd4 Bc5 15. Bg5 Qe5 16. Nf3 Qc7 17. e5 Bxf3 18. Qxf3 Nxe5 19. Qg3 Nfg4 20. Ne4 f5 21. Nxc5 Qxc5 22. Rac1 Nf7 23. Be4 Qxf2+ 24. Qxf2 Nxf2 25. Kxf2 fxe4 26. Be7 Rfe8 27. Rd7 Ne5 28. Rb7 Nd3+ 0-1

[Event "Guingamp op 16th"]
[Site "Guingamp"]
[Date "2012.02.18"]
[Round "1"]
[White "Deslias, Gregoire"]
[Black "Serafimov, Tervel"]
[Result "0-1"]
[WhiteElo "2054"]
[BlackElo "2426"]
[PlyCount "62"]
[EventDate "2012.02.18"]
[EventType "swiss"]
[EventRounds "9"]
[EventCountry "FRA"]
[SourceTitle "EXT 2013"]
[Source "ChessBase"]
[SourceDate "2012.11.22"]
[SourceVersion "1"]
[SourceVersionDate "2012.11.22"]
[SourceQuality "1"]

1. d4 d5 2. c4 e6 3. Nc3 Nf6 4. Bg5 Nbd7 5. cxd5 exd5 6. e3 Be7 7. Bd3 0-0 8. Qc2 b6 9. Nf3 Bb7 10. 0-0 h6 11. Bh4 Nh5 12. Bxe7 Qxe7 13. Rac1 Nhf6 14. Rfd1 c5 15. dxc5 bxc5 16. Qe2 a6 17. b3 Rfd8 18. Na4 Bc6 19. Nb2 Ne4 20. Nd2 Nd6 21. Nb1 Qg5 22. Qf3 Rab8 23. Rc2 c4 24. bxc4 Ne5 25. Qf4 Qxf4 26. exf4 Nxd3 27. Rxd3 dxc4 28. Rd1 Be4 29. Rcd2 Bxb1 30. Nxc4 Bc2 31. Nxd6 Bxd1 0-1

[Event "FRA-chT2 1011"]
[Site "France"]
[Date "2010.11.13"]
[Round "2.7"]
[White "Brient, Yoann"]
[Black "Deslias, Gregoire"]
[Result "1-0"]
[WhiteElo "1947"]
[BlackElo "1952"]
[PlyCount "131"]
[EventDate "2010.10.17"]
[EventType "team-tourn"]
[EventRounds "11"]
[EventCountry "FRA"]
[SourceTitle "EXT 2012"]
[Source "ChessBase"]
[SourceDate "2011.11.24"]
[SourceVersion "1"]
[SourceVersionDate "2011.11.24"]
[SourceQuality "1"]

1. d4 d5 2. c4 e6 3. Nc3 Nf6 4. cxd5 exd5 5. Bg5 Be7 6. e3 c6 7. Bd3 Nbd7 8. Nge2 0-0 9. 0-0 b6 10. Rc1 Bb7 11. Ng3 h6 12. Bf4 c5 13. Nf5 a6 14. Qf3 Kh8 15. Qh3 h5 16. Qg3 Rg8 17. Qg5 Bf8 18. Be5 Nxe5 19. dxe5 Nh7 20. Qg3 g6 21. Nd6 Bxd6 22. exd6 Nf6 23. Rcd1 Qd7 24. Rfe1 Rad8 25. e4 d4 26. Ne2 Bxe4 27. Bxe4 Nxe4 28. Qe5+ Kh7 29. Qxe4 Qxd6 30. Qb7 Rd7 31. Qxa6 Re8 32. Qd3 Rde7 33. Rd2 Qd5 34. b3 Qc6 35. a4 Qd5 36. h3 Qd6 37. Red1 Qc7 38. Ng3 Re1+ 39. Nf1 R1e6 40. Qc4 Qf4 41. a5 Qd6 42. b4 Rc8 43. axb6 Qxb6 44. bxc5 Rxc5 45. Qxd4 Qc6 46. Qd7 Qxd7 47. Rxd7 Kg7 48. Ne3 Ra6 49. Rb7 Ra2 50. g3 Rc6 51. Rbd7 Rf6 52. R1d2 Ra3 53. R7d6 Rxd6 54. Rxd6 Ra5 55. Kg2 Rb5 56. Rd7 Rc5 57. Nd5 Rc6 58. g4 hxg4 59. hxg4 Rc4 60. Kg3 g5 61. Ne3 Rc3 62. Kf3 Kg6 63. Rd6+ f6 64. Ke4 Ra3 65. Nd5 Ra4+ 66. Kf3 1-0

[Event "Avoine op 25th"]
[Site "Avoine"]
[Date "2010.07.19"]
[Round "3"]
[White "Deslias, Gregoire"]
[Black "Menager, Erwan"]
[Result "0-1"]
[WhiteElo "1942"]
[BlackElo "2087"]
[PlyCount "124"]
[EventDate "2010.07.17"]
[EventType "swiss"]
[EventRounds "9"]
[EventCountry "FRA"]
[SourceTitle "EXT 2011"]
[Source "ChessBase"]
[SourceDate "2010.11.26"]
[SourceVersion "1"]
[SourceVersionDate "2010.11.26"]
[SourceQuality "1"]

1. d4 Nf6 2. c4 g6 3. Nc3 d5 4. cxd5 Nxd5 5. Bd2 Bg7 6. e4 Nb6 7. Be3 0-0 8. Be2 Nc6 9. Nf3 Bg4 10. e5 Qd7 11. h3 Bf5 12. 0-0 Rfd8 13. Rc1 Nb4 14. Qd2 N6d5 15. Bc4 Nb6 16. Be2 c6 17. Rfd1 N4d5 18. Nh4 Nxe3 19. Qxe3 Be6 20. Ne4 Bd5 21. Nc5 Qc7 22. Qa3 e6 23. b4 Nd7 24. Na4 Bf8 25. Qb2 Nb6 26. Nc5 Nd7 27. Rb1 b6 28. Nd3 b5 29. Nf4 Qb7 30. Nxd5 cxd5 31. Rbc1 a6 32. a4 bxa4 33. Rb1 Rab8 34. Qa3 Bxb4 35. Bxa6 Qxa6 36. Rxb4 Rxb4 37. Qxb4 Rb8 38. Qe7 Qc8 39. Ra1 Ra8 40. Nf3 Nb6 41. Ng5 Qd7 42. Qxd7 Nxd7 43. Kf1 Nb6 44. Ke2 Nc4 45. Nf3 a3 46. Kd3 Kg7 47. Ne1 g5 48. Nc2 Kg6 49. g4 f6 50. exf6 Kxf6 51. Ra2 e5 52. Ne3 Nxe3 53. fxe3 Ke6 54. Kc3 exd4+ 55. Kxd4 Ra4+ 56. Kc3 Ke5 57. Kd3 Ra6 58. Kd2 Ke4 59. Ke2 Ra4 60. Kf2 Kd3 61. Kf3 Kc3 62. e4 dxe4+ 0-1

[Event "Avoine op 25th"]
[Site "Avoine"]
[Date "2010.07.18"]
[Round "2"]
[White "Fomichenko, Svetlana"]
[Black "Deslias, Gregoire"]
[Result "1-0"]
[WhiteElo "2217"]
[BlackElo "1942"]
[PlyCount "71"]
[EventDate "2010.07.17"]
[EventType "swiss"]
[EventRounds "9"]
[EventCountry "FRA"]
[SourceTitle "EXT 2011"]
[Source "ChessBase"]
[SourceDate "2010.11.26"]
[SourceVersion "1"]
[SourceVersionDate "2010.11.26"]
[SourceQuality "1"]

1. e4 e5 2. Nf3 Nc6 3. d4 exd4 4. Bc4 Bc5 5. Ng5 Nh6 6. Nxf7 Nxf7 7. Bxf7+ Kxf7 8. Qh5+ g6 9. Qxc5 d5 10. e5 Re8 11. Bf4 Qh4 12. Qxd5+ Be6 13. Qf3 Bg4 14. Qb3+ Be6 15. Qg3 Qxg3 16. hxg3 h5 17. 0-0 Bf5 18. Na3 Nxe5 19. Nb5 Rad8 20. Nxc7 Re7 21. Bg5 Bxc2 22. Rfe1 Nc6 23. Bxe7 Nxe7 24. Ne6 Rd6 25. Ng5+ Ke8 26. Ne4 Rb6 27. b3 Kd7 28. Nd2 Nd5 29. Re5 Nc3 30. Rae1 Rf6 31. Rc5 b6 32. Rc4 Rd6 33. Nf3 d3 34. Rxc3 d2 35. Rxc2 dxe1Q+ 36. Nxe1 1-0

[Event "Avoine op 25th"]
[Site "Avoine"]
[Date "2010.07.17"]
[Round "1"]
[White "Deslias, Gregoire"]
[Black "Hutois, Mickael"]
[Result "1-0"]
[WhiteElo "1942"]
[BlackElo "2133"]
[PlyCount "75"]
[EventDate "2010.07.17"]
[EventType "swiss"]
[EventRounds "9"]
[EventCountry "FRA"]
[SourceTitle "EXT 2011"]
[Source "ChessBase"]
[SourceDate "2010.11.26"]
[SourceVersion "1"]
[SourceVersionDate "2010.11.26"]
[SourceQuality "1"]

1. d4 d5 2. c4 e6 3. Nc3 Nf6 4. cxd5 exd5 5. Bg5 Nbd7 6. e3 Be7 7. Bd3 0-0 8. Qc2 Re8 9. Nf3 c6 10. 0-0 Nf8 11. Rab1 Ne4 12. Bxe7 Qxe7 13. b4 Ng6 14. b5 Bg4 15. Nd2 f5 16. bxc6 bxc6 17. Ne2 Rac8 18. Ng3 h5 19. f3 h4 20. Ngxe4 fxe4 21. Ba6 Rc7 22. fxg4 Qa3 23. Nxe4 dxe4 24. Bc4+ Kh8 25. Rb3 Qe7 26. Bf7 Rf8 27. Bxg6 Rxf1+ 28. Kxf1 Qf6+ 29. Bf5 g6 30. Qxe4 Re7 31. Qf4 gxf5 32. Qxf5 Qd6 33. Qf8+ Kh7 34. Rb8 Qc7 35. Qh8+ Kg6 36. Rg8+ Kf7 37. Rg7+ Ke6 38. Rxe7+ 1-0

[Event "Guingamp op 14th"]
[Site "Guingamp"]
[Date "2010.02.20"]
[Round "2"]
[White "Deslias, Gregoire"]
[Black "Mogranzini, Roberto"]
[Result "1/2-1/2"]
[WhiteElo "1906"]
[BlackElo "2415"]
[PlyCount "183"]
[EventDate "2010.02.19"]
[EventType "swiss"]
[EventRounds "9"]
[EventCountry "FRA"]
[SourceTitle "CBM 135 Extra"]
[Source "ChessBase"]
[SourceDate "2010.05.04"]
[SourceVersion "1"]
[SourceVersionDate "2010.05.04"]
[SourceQuality "1"]

1. d4 Nf6 2. c4 g6 3. Nc3 Bg7 4. e4 d6 5. Be2 0-0 6. Bg5 Na6 7. Qd2 e5 8. d5 c6 9. f3 cxd5 10. cxd5 Bd7 11. g4 h6 12. Be3 h5 13. g5 Ne8 14. h4 Nec7 15. Nh3 b5 16. Nf2 b4 17. Ncd1 Nb5 18. Nd3 Qa5 19. 0-0 Nd4 20. N1f2 Nxe2+ 21. Qxe2 f5 22. Bd2 Qb6 23. Qe3 Qb7 24. a3 b3 25. Rac1 Rf7 26. Nb4 Nc5 27. Nfd3 Nxd3 28. Nxd3 a5 29. Rc3 fxe4 30. fxe4 Rxf1+ 31. Kxf1 Rf8+ 32. Kg2 Rf7 33. Nf2 a4 34. Qe2 Bb5 35. Qd1 Qa6 36. Qe1 Bf8 37. Rf3 Rc7 38. Rc3 Rd7 39. Qc1 Qa7 40. Qe1 Be7 41. Qc1 Bd8 42. Rf3 Be2 43. Re3 Bb5 44. Rf3 Kg7 45. Bb4 Qa6 46. Qe1 Rc7 47. Rc3 Rf7 48. Rf3 Bf1+ 49. Kg3 Rd7 50. Rc3 Bb5 51. Rf3 Qb6 52. Qd2 Ba6 53. Rc3 Qb5 54. Qd3 Qb7 55. Qd2 Bb5 56. Rf3 Qb6 57. Rc3 Qb8 58. Rf3 Qb7 59. Qe1 Be7 60. Qd2 Qb8 61. Qe1 Rd8 62. Qd2 Re8 63. Qe1 Rc8 64. Rc3 Rf8 65. Qd2 Bd8 66. Rf3 Rxf3+ 67. Kxf3 Bb6 68. Kg3 Qf8 69. Kg2 Kg8 70. Kg3 Bd4 71. Kg2 Kf7 72. Bc3 Ba7 73. Qd1 Ke7 74. Qf3 Bf1+ 75. Kg3 Qf4+ 76. Qxf4 exf4+ 77. Kf3 Be3 78. Nd1 Bc1 79. Nf2 Kd7 80. Nd1 Bd3 81. Nf2 Bc2 82. e5 dxe5 83. Bxe5 Bf5 84. Ke2 Be3 85. Nd1 Bg4+ 86. Ke1 Bc1 87. Nf2 Bf5 88. Ke2 Bc2 89. Nh3 Be4 90. Nxf4 Bxf4 91. Bxf4 Bxd5 92. Kd3 1/2-1/2

[Event "Fouesnant op 15th"]
[Site "Fouesnant"]
[Date "2009.10.31"]
[Round "9"]
[White "Deslias, Gregoire"]
[Black "Gouanelle, Franck"]
[Result "0-1"]
[WhiteElo "1869"]
[BlackElo "2191"]
[PlyCount "70"]
[EventDate "2009.10.26"]
[EventType "swiss"]
[EventRounds "9"]
[EventCountry "FRA"]
[SourceTitle "EXT 2010"]
[Source "ChessBase"]
[SourceDate "2010.11.25"]
[SourceVersion "1"]
[SourceVersionDate "2010.11.25"]
[SourceQuality "1"]

1. d4 d5 2. c4 e6 3. Nc3 c6 4. Nf3 dxc4 5. a4 Bb4 6. e3 b5 7. Bd2 a5 8. axb5 Bxc3 9. Bxc3 cxb5 10. b3 Bb7 11. d5 Nf6 12. bxc4 b4 13. Bxf6 Qxf6 14. Qa4+ Nd7 15. Nd4 e5 16. Nb3 Ke7 17. Be2 Qb6 18. 0-0 Rhc8 19. Bg4 Nc5 20. Nxc5 Rxc5 21. Qd7+ Kf8 22. d6 Re8 23. Qf5 Qxd6 24. Qxh7 Qh6 25. Qd3 Kg8 26. Qd7 Qc6 27. Qxc6 Bxc6 28. Rfb1 Rxc4 29. Be2 Rc5 30. Rc1 Rxc1+ 31. Rxc1 b3 32. Rxc6 a4 33. Ra6 b2 34. Rb6 a3 35. Bc4 Rc8 0-1

[Event "Fouesnant op 15th"]
[Site "Fouesnant"]
[Date "2009.10.28"]
[Round "6"]
[White "Le Du, Michel"]
[Black "Deslias, Gregoire"]
[Result "0-1"]
[WhiteElo "1932"]
[BlackElo "1869"]
[PlyCount "98"]
[EventDate "2009.10.26"]
[EventType "swiss"]
[EventRounds "9"]
[EventCountry "FRA"]
[SourceTitle "EXT 2010"]
[Source "ChessBase"]
[SourceDate "2010.11.25"]
[SourceVersion "1"]
[SourceVersionDate "2010.11.25"]
[SourceQuality "1"]

1. e4 e5 2. Nf3 Nc6 3. Bb5 a6 4. Ba4 Nf6 5. 0-0 Be7 6. Re1 b5 7. Bb3 d6 8. c3 0-0 9. h3 Na5 10. Bc2 c5 11. d4 Qc7 12. Nbd2 cxd4 13. cxd4 Nc6 14. d5 Nb4 15. Bb1 a5 16. Nf1 Na6 17. Ng3 Nc5 18. Be3 Bd7 19. Qd2 Rfc8 20. Bc2 Qb6 21. Rac1 Rc7 22. Red1 Bf8 23. Bb1 h6 24. Nh4 Rac8 25. Qe2 Qb7 26. Qf3 Ne8 27. Ngf5 Na4 28. Bxh6 gxh6 29. Rxc7 Rxc7 30. Qh5 Bxf5 31. Nxf5 Ng7 32. Nxh6+ Kh7 33. Qg5 Be7 34. Qd2 Nxb2 35. Rf1 Nc4 36. Qc1 Bf8 37. Ng4 Ne8 38. Qg5 Bg7 39. f4 Kg8 40. fxe5 Qb6+ 41. Kh2 dxe5 42. Bd3 Qg6 43. Qd8 Kf8 44. Rf5 Ncd6 45. Rf3 Qh5 46. Nf6 Bxf6 47. Rxf6 Rc8 48. Qd7 Nxf6 49. Qxd6+ Kg7 0-1

[Event "Fouesnant op 15th"]
[Site "Fouesnant"]
[Date "2009.10.25"]
[Round "3"]
[White "Deslias, Gregoire"]
[Black "Berthou, Patrick"]
[Result "1-0"]
[WhiteElo "1869"]
[BlackElo "1600"]
[PlyCount "133"]
[EventDate "2009.10.26"]
[EventType "swiss"]
[EventRounds "9"]
[EventCountry "FRA"]
[SourceTitle "EXT 2010"]
[Source "ChessBase"]
[SourceDate "2010.11.25"]
[SourceVersion "1"]
[SourceVersionDate "2010.11.25"]
[SourceQuality "1"]

1. d4 Nf6 2. c4 g6 3. Nc3 Bg7 4. e4 d6 5. Be2 Nbd7 6. Bg5 0-0 7. Qd2 Re8 8. Rb1 e5 9. d5 Nf8 10. h4 c5 11. f3 h5 12. g4 N8h7 13. Bxf6 Nxf6 14. g5 Nd7 15. Nh3 a6 16. Nf2 Rb8 17. 0-0 f6 18. Nh3 Nf8 19. Kh2 Bxh3 20. Kxh3 fxg5 21. hxg5 Nd7 22. Nd1 Rf8 23. Nf2 b6 24. a3 Qe7 25. Kg2 Rf7 26. Nh3 Rbf8 27. b4 Rb8 28. Rb3 Qd8 29. Rfb1 Rf8 30. Kh1 Qc7 31. f4 exf4 32. Nxf4 Rxf4 33. Qxf4 Bd4 34. Rf3 Ne5 35. Rff1 Qd7 36. Kg2 Qe7 37. Qf6 Re8 38. bxc5 Bxc5 39. a4 a5 40. Qxe7 Rxe7 41. Rf6 Kg7 42. Rbf1 Nd7 43. Re6 Rf7 44. Rxf7+ Kxf7 45. Kh3 Ne5 46. Kh4 Kg7 47. Re7+ Kf8 48. Rc7 Bf2+ 49. Kh3 Be3 50. Kh4 Bf2+ 51. Kh3 Be3 52. Bxh5 gxh5 53. Kh4 Nf3+ 54. Kxh5 Nxg5 55. e5 dxe5 56. Kg6 e4 57. Kf5 Bc5 58. Kxg5 e3 59. Kf6 Bd4+ 60. Ke6 e2 61. d6 e1Q+ 62. Kd5 Qe5+ 63. Kc6 Qe4+ 64. Kb5 Ke8 65. Ra7 Kd8 66. d7 Qd5+ 67. cxd5 1-0

[Event "FRA-ch U14"]
[Site "Aix les Bains"]
[Date "2009.04.24"]
[Round "7"]
[White "Deslias, Gregoire"]
[Black "Moussard, Jules"]
[Result "0-1"]
[WhiteElo "1806"]
[BlackElo "2276"]
[PlyCount "70"]
[EventDate "2009.04.19"]
[EventType "swiss"]
[EventRounds "9"]
[EventCountry "FRA"]
[SourceTitle "CBM 130 Extra"]
[Source "ChessBase"]
[SourceDate "2009.07.02"]
[SourceVersion "2"]
[SourceVersionDate "2009.07.15"]
[SourceQuality "1"]

1. d4 g6 2. c4 Bg7 3. Nc3 d6 4. e4 Nc6 5. Be3 e5 6. d5 Nce7 7. Be2 f5 8. f3 Nf6 9. g4 0-0 10. h4 fxg4 11. fxg4 Qd7 12. g5 Ng4 13. Bxg4 Qxg4 14. Qxg4 Bxg4 15. c5 a6 16. Rc1 Rf7 17. Rh2 dxc5 18. Bxc5 b6 19. Be3 Raf8 20. Rf2 Nc8 21. Rcc2 Nd6 22. b3 Rf4 23. Bxf4 exf4 24. Nge2 f3 25. Nc1 Re8 26. Nd3 Bd4 27. e5 Nf5 28. Nd1 Bxe5 29. Kd2 Bg3 30. Kc3 Bxh4 31. Nf4 Bxg5 32. Ne6 Bf6+ 33. Kd3 c5 34. Nc3 Nd6 35. Ne4 Bf5 0-1

[Event "Morbihan-ch 0809"]
[Site "Morbihan"]
[Date "2009.02.28"]
[Round "5"]
[White "Le Corre, Patrick"]
[Black "Deslias, Gregoire"]
[Result "1-0"]
[WhiteElo "2022"]
[BlackElo "1726"]
[PlyCount "51"]
[EventDate "2008.10.??"]
[EventType "tourn"]
[EventRounds "7"]
[EventCountry "FRA"]
[SourceTitle "EXT 2010"]
[Source "ChessBase"]
[SourceDate "2010.11.25"]
[SourceVersion "1"]
[SourceVersionDate "2010.11.25"]
[SourceQuality "1"]

1. e4 e5 2. Nc3 Nf6 3. f4 d5 4. fxe5 Nxe4 5. Qf3 Nc6 6. Bb5 Nxc3 7. bxc3 a6 8. Bxc6+ bxc6 9. Qg3 Bf5 10. Nf3 Bxc2 11. 0-0 Bg6 12. Nh4 Bc5+ 13. d4 Be7 14. Nxg6 hxg6 15. e6 Qd6 16. exf7+ Kf8 17. Bf4 Qd7 18. Be5 Rh6 19. Rab1 Qc8 20. Bxc7 Qe6 21. Rb7 g5 22. Be5 c5 23. h3 cxd4 24. Bxd4 Bd6 25. Bxg7+ Kxg7 26. f8Q+ 1-0

[Event "Morbihan-ch 0809"]
[Site "Morbihan"]
[Date "2009.01.24"]
[Round "4"]
[White "Deslias, Gregoire"]
[Black "Duplessy, Franck"]
[Result "1/2-1/2"]
[WhiteElo "1764"]
[BlackElo "2019"]
[PlyCount "83"]
[EventDate "2008.10.??"]
[EventType "tourn"]
[EventRounds "7"]
[EventCountry "FRA"]
[SourceTitle "EXT 2010"]
[Source "ChessBase"]
[SourceDate "2010.11.25"]
[SourceVersion "1"]
[SourceVersionDate "2010.11.25"]
[SourceQuality "1"]

1. d4 d5 2. c4 e6 3. Nf3 Nf6 4. cxd5 exd5 5. Bg5 h6 6. Bh4 c6 7. Nbd2 Nbd7 8. e3 Qa5 9. a3 a6 10. Bd3 Be7 11. 0-0 0-0 12. b4 Qd8 13. Nb3 Ne4 14. Bxe7 Qxe7 15. Qc2 Re8 16. Rfe1 Ndf6 17. Ne5 Be6 18. Nc5 Nd6 19. Reb1 Ng4 20. Nxg4 Bxg4 21. a4 Qg5 22. Be2 Bh3 23. Bf1 Bg4 24. Be2 Bxe2 25. Qxe2 Qh4 26. Qf3 b6 27. Nd7 Nc4 28. Qf5 Re6 29. a5 b5 30. Ra2 Qe7 31. Nc5 Rg6 32. Qf4 Rf6 33. Qg3 Nd6 34. Qe5 Qd8 35. Qg3 Rg6 36. Qh3 Ra7 37. Rc1 Nc4 38. Qf5 Rg5 39. Qh3 Qc7 40. Qf3 Ra8 41. Qh3 Ra7 42. Qf3 1/2-1/2